| 000 | 00855nam a22002297a 4500 | ||
|---|---|---|---|
| 005 | 20120430114312.0 | ||
| 008 | 120430t xxu||||| |||| 00| 0 eng d | ||
| 010 | _aENG-105137 | ||
| 020 |
_a9789381815014 _c500.00 |
||
| 035 | _aEN-88670 | ||
| 037 | _bDBAD/PUB | ||
| 040 |
_aDPL _bEng |
||
| 082 | _a616.89 | ||
| 245 |
_aTextbook of psychiatry / _cwritten and edited by faculty of Dr. Bhatia Medical Institute |
||
| 260 |
_aDelhi _bDr. Bhatia Publishing House _c2012 |
||
| 270 |
_aFlat No. 7, Sector-13, Unique Apartment, Rohini _bDelhi _e110085 |
||
| 300 | g |
_a144p. _c27cm.(pbk) |
|
| 650 |
_aPsychiatry _946023 |
||
| 650 |
_aMental illness _946024 |
||
| 942 |
_2ddc _cEN _mTEX _h616.89 |
||
| 999 |
_c65802 _d65802 |
||